Bioquímica médica / (Record no. 33493)
[ view plain ]
| 000 -LEADER | |
|---|---|
| campo de control de longitud fija | 00654nam a2200181 i 4500 |
| 001 - NÚMERO DE CONTROL | |
| campo de control | 33493 |
| 003 - IDENTIFICADOR DE NÚMERO DE CONTROL | |
| campo de control | ES-MaACL |
| 007 - CAMPO FIJO DE DESCRIPCIÓN FÍSICA--INFORMACIÓN GENERAL | |
| campo de control de longitud fija | t| |
| 008 - DATOS DE LONGITUD FIJA--INFORMACIÓN GENERAL | |
| campo de control de longitud fija | 030202s1974 mx ||||1| spa d |
| 245 00 - MENCIÓN DEL TÍTULO | |
| Título | Bioquímica médica / |
| Mención de responsabilidad, etc. | Edward Staunton West... [et al.] ; traducido al español por Mª Teresa Torral, Fernando Colchero Arrubarrena. |
| 250 ## - MENCION DE EDICION | |
| Mención de edición | 4ª ed., 3ª reimp. |
| 260 ## - PUBLICACIÓN, DISTRIBUCIÓN, ETC. | |
| Lugar de publicación, distribución, etc. | México, etc. : |
| Nombre del editor, distribuidor, etc. | Interamericana, |
| Fecha de publicación, distribución, etc. | [1974] |
| 300 ## - DESCRIPCIÓN FÍSICA | |
| Extensión | XIV, 1213 p. : |
| Otras características físicas | il. ; |
| Dimensiones | 26 cm. |
| 700 1# - ENTRADA AGREGADA--NOMBRE PERSONAL | |
| Nombre de persona | Westerdahl, Edward Staunton. |
| 9 (RLIN) | 116559 |
| 700 1# - ENTRADA AGREGADA--NOMBRE PERSONAL | |
| Nombre de persona | Torral, María Teresa. |
| 9 (RLIN) | 110712 |
| 700 1# - ENTRADA AGREGADA--NOMBRE PERSONAL | |
| Nombre de persona | Colchero Arrubarrena, Fernando. |
| 9 (RLIN) | 39556 |
| 852 ## - LOCALIZACIÓN | |
| Ubicación | ES-MaACL |
| Número de control de estantería | E-6450 |
| Sublocalización o colección | R.91066 |
| Estatus retirado | Estado de pérdida | Estado de daño | No para préstamo | Biblioteca de origen | Biblioteca actual | Ubicación en estantería | Fecha de adquisición | Fuente de adquisición | Total de préstamos | Signatura topográfica completa | Código de barras | Visto por última vez | Precio de reemplazo | Tipo de ítem Koha |
|---|---|---|---|---|---|---|---|---|---|---|---|---|---|---|
| Biblioteca del Ateneo de Madrid | Biblioteca del Ateneo de Madrid | Depósito 2 | 17/01/2008 | E-6450 | 1034850 | 23/02/2023 | 23/02/2023 | Libro impreso |
